000 00397nam a22001457a 4500
999 _c3277
_d3277
008 200324b ||||| |||| 00| 0 eng d
082 0 0 _a621.56
_bB188
100 _91533
_aBallaney, P. L.
245 1 0 _aRefrigeration and air conditioning /
_cby P. L. Ballaney
250 _a6th ed.
260 _aDelhi
_bKhanna Publications
_c1983
300 _aix, 939 p.
650 0 _aAir Conditioning
942 _cBK